[Event "XX Corsicoscacchi Magistrale"]
[Site "Corsico ITA"]
[Date "2000.04.??"]
[Round "4"]
[White "Leoni, Fabrizio"]
[Black "Moratto, Davide"]
[Result "1-0"]
[WhiteElo "1920"]
[BlackElo "2022"]
[PlyCount "77"]
[EventDate "2000.04.28"]

1. d4 Nf6 2. c4 g6 3. Nc3 Bg7 4. e4 d6 5. Nf3 O-O 6. Be2 e5 7. d5 a5 8. Bg5 h6
9. Bh4 g5 10. Bg3 Nh5 11. Nd2 Nf4 12. O-O Nxe2+ 13. Qxe2 f5 14. f3 Na6 15. b3
Qe8 16. a3 Bd7 17. Rab1 f4 18. Bf2 Qg6 19. b4 axb4 20. axb4 b6 21. b5 Nc5 22.
Bxc5 bxc5 23. Ra1 g4 24. fxg4 Bxg4 25. Nf3 h5 26. Kh1 Kh8 27. Ra2 Bf6 28. Rfa1
Rac8 29. Qf2 Rce8 30. Ra7 Bd8 31. h3 Bd7 32. b6 Rg8 33. b7 Bf6 34. Ra8 c6 35.
Rxe8 Rxe8 36. Ra8 Qg8 37. Qa2 Bd8 38. b8=Q cxd5 39. Qxd6 1-0

[Event "XX Corsicoscacchi Magistrale"]
[Site "Corsico ITA"]
[Date "2000.04.??"]
[Round "4"]
[White "Mastrorilli, Nicola"]
[Black "Pace, Roberto"]
[Result "0-1"]
[WhiteElo "1935"]
[BlackElo "2033"]
[PlyCount "72"]
[EventDate "2000.04.28"]

1. d4 Nf6 2. Nf3 e6 3. c4 b6 4. g3 Bb7 5. Bg2 Bb4+ 6. Bd2 Bxd2+ 7. Nbxd2 Qe7 8.
O-O O-O 9. Qc2 d6 10. e4 e5 11. d5 Nbd7 12. b4 Ng4 13. Qc3 Nh6 14. Nh4 g6 15.
Qe3 Kg7 16. Bh3 f5 17. f3 f4 18. Qe2 Nf6 19. Ng2 g5 20. Be6 Nf7 21. Bxf7 Rxf7
22. g4 h5 23. h3 hxg4 24. hxg4 Rh8 25. Kf2 Kg6 26. Rh1 Rfh7 27. Rxh7 Qxh7 28.
Rg1 Bc8 29. Nf1 Qh3 30. Ke1 Nxg4 31. fxg4 f3 32. Qf2 fxg2 33. Qxg2 Qc3+ 34. Nd2
Rh4 35. Qf2 Rh3 36. Rg2 Re3+ 0-1

[Event "XX Corsicoscacchi Magistrale"]
[Site "Corsico ITA"]
[Date "2000.04.??"]
[Round "4"]
[White "Mieli, Marcello"]
[Black "Vismara, Daniele"]
[Result "1-0"]
[WhiteElo "1843"]
[BlackElo "2265"]
[PlyCount "85"]
[EventDate "2000.04.28"]

1. d4 Nf6 2. Nf3 e6 3. Bf4 b6 4. e3 Be7 5. Bd3 Nh5 6. Bg3 Nxg3 7. hxg3 g6 8.
Ne5 Bf6 9. Qf3 c6 10. Nd2 d5 11. O-O-O Bxe5 12. dxe5 Qg5 13. Qf4 Qxf4 14. gxf4
h6 15. Rh3 Kf8 16. Rdh1 Kg7 17. Nf3 Ba6 18. Nd4 Bxd3 19. cxd3 a6 20. b4 a5 21.
b5 cxb5 22. Nxb5 Na6 23. Kd2 Rac8 24. Nd6 Rc6 25. Rb1 f6 26. Rhh1 fxe5 27. fxe5
d4 28. exd4 Rf8 29. f3 Nb4 30. Nc4 Rf4 31. a3 Nd5 32. Rhe1 Rxc4 33. dxc4 Rxd4+
34. Kc2 Rxc4+ 35. Kb2 Nc3 36. Rbc1 Na4+ 37. Kb3 Rxc1 38. Rxc1 Nc5+ 39. Kc4 Kf7
40. Kb5 Nd7 41. Rc7 Ke8 42. f4 Kd8 43. Kc6 1-0

[Event "XX Corsicoscacchi Magistrale"]
[Site "Corsico ITA"]
[Date "2000.04.??"]
[Round "4"]
[White "Ongarelli, Marco"]
[Black "Everet, Alexandro"]
[Result "0-1"]
[WhiteElo "2019"]
[BlackElo "2357"]
[PlyCount "77"]
[EventDate "2000.04.28"]

1. d4 Nf6 2. Nf3 g6 3. Bf4 Bg7 4. e3 O-O 5. h3 b6 6. Be2 Bb7 7. O-O d6 8. c4
Nbd7 9. Nc3 h6 10. Qc2 Nh7 11. Rad1 g5 12. Bh2 f5 13. d5 e5 14. dxe6 Nc5 15.
Nd4 Bxd4 16. exd4 Nxe6 17. d5 Ng7 18. Bd3 Bc8 19. f4 g4 20. hxg4 Nf6 21. Rf3
Nxg4 22. Rh3 Qf6 23. Bf1 Bd7 24. Kh1 Rae8 25. Bg1 Re7 26. Ne2 Qg6 27. Qd2 Nh5
28. Ng3 Nhf6 29. Bd3 Rfe8 30. Nf1 Ne4 31. Bxe4 Rxe4 32. Qc3 Rxf4 33. Ng3 Nf2+
34. Bxf2 Rxf2 35. Qd4 Ree2 36. Rg1 Rd2 37. Qh4 f4 38. Qd8+ Be8 39. Rxh6 0-1

[Event "XX Corsicoscacchi Magistrale"]
[Site "Corsico ITA"]
[Date "2000.04.??"]
[Round "4"]
[White "Pace, Pietro Dario"]
[Black "Mariano, Elia"]
[Result "0-1"]
[WhiteElo "1942"]
[BlackElo "2152"]
[PlyCount "86"]
[EventDate "2000.04.28"]

1. e4 c6 2. d4 d5 3. exd5 cxd5 4. Bd3 Nc6 5. c3 Nf6 6. h3 e5 7. dxe5 Nxe5 8.
Qe2 Qe7 9. Bb5+ Bd7 10. Bxd7+ Nfxd7 11. Nd2 g6 12. Ngf3 Nd3+ 13. Kf1 N7c5 14.
Qxe7+ Bxe7 15. Ne1 Nxc1 16. Rxc1 O-O 17. Ndf3 Bf6 18. Rd1 Rad8 19. Nd3 Ne6 20.
g3 d4 21. c4 Rc8 22. Nd2 a6 23. Kg2 b5 24. cxb5 axb5 25. Rc1 Rfd8 26. Rxc8 Rxc8
27. Rc1 Rxc1 28. Nxc1 Nc5 29. Kf3 Bg5 30. Ke2 Kf8 31. f4 Bd8 32. b4 Ne6 33. Kd3
h5 34. Ke4 Ke7 35. Nf3 Kd6 36. Nb3 f5+ 37. Kd3 h4 38. Nxh4 Bxh4 39. gxh4 Kd5
40. Nd2 Nxf4+ 41. Kc2 Nxh3 42. Kd3 Nf4+ 43. Kc2 Ng2 0-1

[Event "XX Corsicoscacchi Magistrale"]
[Site "Corsico ITA"]
[Date "2000.04.??"]
[Round "4"]
[White "Profumo, Alberto"]
[Black "Barlocco, Carlo"]
[Result "1-0"]
[WhiteElo "2254"]
[BlackElo "2170"]
[PlyCount "89"]
[EventDate "2000.04.28"]

1. Nf3 d5 2. g3 Bf5 3. Bg2 e6 4. O-O Nf6 5. c4 Bxb1 6. Rxb1 c6 7. b4 a6 8. Qb3
b5 9. d3 Nbd7 10. Be3 Bd6 11. Nd4 Rc8 12. a4 bxc4 13. dxc4 Ne5 14. cxd5 cxd5
15. b5 axb5 16. axb5 O-O 17. Rfc1 Rxc1+ 18. Rxc1 Nc4 19. Nc6 Na5 20. Qc3 Nxc6
21. Qxc6 Ng4 22. Bd4 Ne5 23. Qc3 f6 24. e4 dxe4 25. Bxe4 Nd7 26. Qb3 Qe7 27.
Bc6 Kh8 28. b6 e5 29. Be3 f5 30. b7 Nb8 31. Bd5 g5 32. Be6 f4 33. Ba7 fxg3 34.
hxg3 Kg7 35. Rc8 Qf6 36. Qd5 Qe7 37. Bg4 Qf6 38. Be2 Nd7 39. Bd3 e4 40. Bd4 Ne5
41. Qxe4 Kf7 42. Qxh7+ Qg7 43. Qxg7+ Kxg7 44. Rxf8 Kxf8 45. Bc5 1-0

[Event "XX Corsicoscacchi Magistrale"]
[Site "Corsico ITA"]
[Date "2000.04.??"]
[Round "4"]
[White "Rovatti, Paolo"]
[Black "Griffa, Roberto"]
[Result "0-1"]
[WhiteElo "2041"]
[BlackElo "2062"]
[PlyCount "100"]
[EventDate "2000.04.28"]

1. d4 e6 2. Nf3 Nf6 3. c4 Bb4+ 4. Bd2 Qe7 5. a3 Bxd2+ 6. Nbxd2 d5 7. e3 O-O 8.
Bd3 Nbd7 9. cxd5 exd5 10. b4 Ng4 11. O-O f5 12. Qb3 Ndf6 13. Rfc1 Nxf2 14. Kxf2
Ng4+ 15. Ke2 Qxe3+ 16. Kd1 Bd7 17. Qxd5+ Be6 18. Qxb7 Nf2+ 19. Kc2 Qxd3+ 20.
Kb2 Rac8 21. Rc3 Qe2 22. Kc2 Ne4 23. Re1 Qxg2 24. Rce3 Nxd2 25. R1e2 Qh1 26.
Rxd2 Qa1 27. Ne5 f4 28. Rf3 Qa2+ 29. Kd1 Qb1+ 30. Ke2 Qg1 31. Kd3 Bf5+ 32. Ke2
Qxh2+ 33. Rf2 Qh5+ 34. Ke1 Qe8 35. Rg2 Bd7 36. Kd1 f3 37. Nxf3 Bc6 38. Qa6
Bxf3+ 39. Rge2 Bxe2+ 40. Rxe2 Rf1+ 41. Kd2 Qf8 42. Qe6+ Kh8 43. Kc3 h6 44. d5
a5 45. Kc4 axb4 46. axb4 Rf4+ 47. Re4 Rxe4+ 48. Qxe4 Re8 49. Qg6 Qf4+ 50. Kc5
Qe3+ 0-1

[Event "XX Corsicoscacchi Magistrale"]
[Site "Corsico ITA"]
[Date "2000.04.??"]
[Round "5"]
[White "Astengo, Corrado"]
[Black "Lapiccirella, Mattia"]
[Result "1/2-1/2"]
[WhiteElo "2189"]
[BlackElo "2171"]
[PlyCount "54"]
[EventDate "2000.04.28"]

1. e4 c5 2. Nf3 Nc6 3. d4 cxd4 4. Nxd4 Nf6 5. Nc3 d6 6. f4 e6 7. Be3 Be7 8. Qf3
Bd7 9. Bd3 a6 10. O-O Qc7 11. Rae1 O-O 12. Nb3 Nb4 13. a3 Nxd3 14. cxd3 b5 15.
Rc1 Qb8 16. Nd2 b4 17. axb4 Qxb4 18. Nc4 Bb5 19. Nxb5 axb5 20. Bd2 Qb3 21. Na5
Qxb2 22. Bc3 Qa3 23. Nc6 Bd8 24. Nxd8 Rfxd8 25. Bxf6 gxf6 26. Qg4+ Kh8 27. Qh4
Qa7+ 1/2-1/2

[Event "XX Corsicoscacchi Magistrale"]
[Site "Corsico ITA"]
[Date "2000.04.??"]
[Round "5"]
[White "Barlocco, Carlo"]
[Black "Facchetti, Gianni"]
[Result "1-0"]
[WhiteElo "2170"]
[BlackElo "2146"]
[PlyCount "119"]
[EventDate "2000.04.28"]

1. d4 Nf6 2. Nf3 d6 3. c4 Nbd7 4. Bg5 e5 5. Nc3 Be7 6. e4 exd4 7. Nxd4 Nc5 8.
f3 a5 9. Be2 c6 10. O-O O-O 11. Be3 Bd7 12. g4 Kh8 13. Qd2 Qc7 14. Rad1 Rad8
15. Qe1 Ne8 16. Qg3 g6 17. Nb3 Nxb3 18. axb3 Be6 19. Qf2 c5 20. Nb5 Qb6 21. Bd2
Ra8 22. Bc3+ Kg8 23. Qg3 Bd7 24. Nxd6 Bxd6 25. e5 Be7 26. Rxd7 Ng7 27. f4 Rad8
28. Rfd1 Rxd7 29. Rxd7 Rd8 30. Rxd8+ Bxd8 31. f5 Qc7 32. Bf3 Kf8 33. Qh3 gxf5
34. gxf5 Qd7 35. Bg4 h5 36. e6 fxe6 37. fxe6 Qe7 38. Qf3+ Kg8 39. Bh3 Qg5+ 40.
Qg3 Qxg3+ 41. hxg3 b6 42. Kf2 h4 43. gxh4 Bxh4+ 44. Kf3 Ne8 45. Ke4 Kf8 46. Kd5
Bd8 47. Bd2 Nf6+ 48. Kd6 Be7+ 49. Kc7 Ke8 50. Kxb6 Kd8 51. Bxa5 Kc8 52. Kc6 Ne4
53. b4 cxb4 54. Bxb4 Kd8 55. Bxe7+ Kxe7 56. b4 Kd8 57. b5 Nf6 58. b6 Kc8 59.
e7+ Kb8 60. Bd7 1-0

[Event "XX Corsicoscacchi Magistrale"]
[Site "Corsico ITA"]
[Date "2000.04.??"]
[Round "5"]
[White "Bevilacqua, Maurizio"]
[Black "Giordani, Marco"]
[Result "0-1"]
[WhiteElo "2129"]
[BlackElo "2080"]
[PlyCount "62"]
[EventDate "2000.04.28"]

1. d4 e6 2. c4 Nf6 3. Nf3 b6 4. a3 Bb7 5. Nc3 d5 6. cxd5 Nxd5 7. e3 Be7 8. Bb5+
c6 9. Bd3 Nxc3 10. bxc3 c5 11. O-O Nc6 12. Qe2 O-O 13. Bb2 Rc8 14. Rad1 cxd4
15. cxd4 Bf6 16. Ne5 g6 17. f4 Bg7 18. Qf2 Na5 19. e4 f6 20. Nf3 Nc4 21. Bc1 f5
22. Ne5 Nxe5 23. dxe5 Rxc1 24. Rxc1 Qxd3 25. Rfd1 Qxa3 26. Rc7 Bxe4 27. Qh4
Qe3+ 28. Kf1 Bxg2+ 29. Kxg2 Qe2+ 30. Kg3 Qxd1 31. Qe7 Qg4+ 0-1

[Event "XX Corsicoscacchi Magistrale"]
[Site "Corsico ITA"]
[Date "2000.04.??"]
[Round "5"]
[White "Bonazzi, Edoardo"]
[Black "Bernago, Federico"]
[Result "1-0"]
[WhiteElo "2060"]
[BlackElo "2103"]
[PlyCount "97"]
[EventDate "2000.04.28"]

1. c4 e5 2. g3 Nc6 3. Bg2 g6 4. Nc3 Bg7 5. e3 d6 6. Nge2 f5 7. d3 Nf6 8. O-O
O-O 9. Rb1 a5 10. a3 Ne7 11. Nd5 c6 12. Nxf6+ Bxf6 13. b4 axb4 14. axb4 g5 15.
f4 h6 16. Qb3 Be6 17. b5 Rc8 18. Ba3 Bg7 19. bxc6 bxc6 20. Qb6 Qd7 21. Rb3 Rb8
22. Qxb8 Rxb8 23. Rxb8+ Kf7 24. Rfb1 Qa7 25. Bc1 exf4 26. gxf4 Qa2 27. Bf1 Qc2
28. Nd4 Bxd4 29. exd4 Qd1 30. R8b2 Qh5 31. Re2 Qh4 32. Bd2 gxf4 33. Bg2 Ng6 34.
Rf1 Qg4 35. Ref2 h5 36. Kh1 Qg5 37. Bxf4 Nxf4 38. Rxf4 Qf6 39. Bxc6 Qd8 40. Bg2
Qb6 41. Bh3 Kg6 42. d5 Bc8 43. Bxf5+ Bxf5 44. Rxf5 Qe3 45. R5f3 Qd4 46. Rg3+
Kh6 47. Re1 h4 48. Re4 Qa1+ 49. Rg1 1-0

[Event "XX Corsicoscacchi Magistrale"]
[Site "Corsico ITA"]
[Date "2000.04.??"]
[Round "5"]
[White "Castaldo, Folco"]
[Black "Ongarelli, Marco"]
[Result "1-0"]
[WhiteElo "2242"]
[BlackElo "2019"]
[PlyCount "63"]
[EventDate "2000.04.28"]

1. e4 d5 2. exd5 Qxd5 3. Nf3 Nf6 4. d4 Bg4 5. Be2 e6 6. O-O Be7 7. h3 Bh5 8. c4
Qd8 9. Qb3 Qc8 10. Nc3 O-O 11. Bf4 c5 12. d5 exd5 13. cxd5 Rd8 14. Rfd1 Bd6 15.
Bxd6 Rxd6 16. Nb5 Rb6 17. Nxa7 Qd8 18. Nb5 Na6 19. a4 Nb4 20. d6 Qd7 21. Qc4
Re8 22. Qxc5 Rc6 23. Qxb4 Rxe2 24. Nfd4 Re4 25. Re1 Rc8 26. Rxe4 Nxe4 27. Re1
Bg6 28. f3 Nf6 29. Re7 Qd8 30. Nc7 h5 31. Ndb5 h4 32. Qxh4 1-0

[Event "XX Corsicoscacchi Magistrale"]
[Site "Corsico ITA"]
[Date "2000.04.??"]
[Round "5"]
[White "Everet, Alexandro"]
[Black "Giretti Kanev, Jasen"]
[Result "1/2-1/2"]
[WhiteElo "2357"]
[BlackElo "2155"]
[PlyCount "172"]
[EventDate "2000.04.28"]

1. d4 Nf6 2. c4 e6 3. Nf3 b6 4. Nc3 Bb7 5. Bg5 Be7 6. Qc2 d5 7. cxd5 exd5 8.
Bxf6 Bxf6 9. e3 Nc6 10. a3 O-O 11. Bd3 h6 12. h4 Bc8 13. Ne4 Bd7 14. Ng3 Re8
15. Kf1 Rc8 16. Rc1 Nb8 17. Nf5 c5 18. Nd6 Ba4 19. Qxa4 Qxd6 20. Bf5 Qc6 21.
Qxc6 Rxc6 22. g3 g6 23. Bd3 cxd4 24. Rb1 Rc7 25. exd4 Nc6 26. Bb5 Ree7 27. Rd1
Na5 28. b4 Nc4 29. Bxc4 Rxc4 30. Rd3 Rc1+ 31. Kg2 Rxh1 32. Kxh1 Kf8 33. Kg2 Re4
34. Rc3 Bxd4 35. Rc8+ Kg7 36. Ra8 b5 37. Nxd4 Rxd4 38. Rxa7 Rd3 39. Ra5 d4 40.
Kf1 Rb3 41. Ke2 Kf6 42. Rxb5 d3+ 43. Ke3 Rxa3 44. Rb7 h5 45. b5 Rb3 46. Rb8 Ke6
47. f3 d2+ 48. Kxd2 Rxf3 49. b6 Kd7 50. Ke2 Rxg3 51. Rf8 Kc6 52. Rxf7 Kxb6 53.
Rf4 Kc5 54. Kf2 Rd3 55. Kg2 Rd6 56. Kg3 Kd5 57. Rf8 Ke5 58. Re8+ Kf6 59. Rf8+
Kg7 60. Rf3 Rd5 61. Ra3 Kf6 62. Rf3+ Ke6 63. Re3+ Re5 64. Ra3 Re4 65. Kh3 Ke5
66. Rf3 Ra4 67. Rf8 Rf4 68. Re8+ Kf5 69. Kg3 Rg4+ 70. Kh3 Ra4 71. Rf8+ Ke4 72.
Rf6 Ke5 73. Rf8 Re4 74. Re8+ Kf5 75. Rf8+ Ke5 76. Re8+ Kf4 77. Rf8+ Ke3 78. Rf6
Rg4 79. Re6+ Kf4 80. Rf6+ Ke5 81. Rf8 Rd4 82. Re8+ Kf6 83. Rf8+ Ke7 84. Rf3 Re4
85. Ra3 Kf6 86. Rf3+ Ke5 1/2-1/2

[Event "XX Corsicoscacchi Magistrale"]
[Site "Corsico ITA"]
[Date "2000.04.??"]
[Round "5"]
[White "Lanzani, Giuliano"]
[Black "Bertazzo, Giorgio"]
[Result "1/2-1/2"]
[WhiteElo "1923"]
[BlackElo "2072"]
[PlyCount "76"]
[EventDate "2000.04.28"]

1. e4 c5 2. Nf3 d6 3. c4 e5 4. Nc3 Nc6 5. d3 g6 6. Be3 Nd4 7. Bxd4 cxd4 8. Nd5
Bg7 9. g3 Ne7 10. Nxe7 Qxe7 11. Bg2 O-O 12. O-O Bd7 13. Nd2 Rab8 14. Qe2 b5 15.
b3 a5 16. Rab1 b4 17. Rfc1 Bh6 18. Rc2 Kg7 19. Qf1 f5 20. Re1 f4 21. Bh3 f3 22.
Bxd7 Qxd7 23. h3 Bg5 24. Kh2 h5 25. h4 Bxd2 26. Rxd2 g5 27. Qh3 Qxh3+ 28. Kxh3
g4+ 29. Kh2 Ra8 30. Rc1 Rfc8 31. Kg1 Kf7 32. Kf1 Ke7 33. Ke1 Kd7 34. Rdc2 Rc5
35. Rb2 Kc6 36. Kd2 Kd7 37. Ra1 Rc6 38. Kc2 Rca6 1/2-1/2

[Event "XX Corsicoscacchi Magistrale"]
[Site "Corsico ITA"]
[Date "2000.04.??"]
[Round "5"]
[White "Mariano, Elia"]
[Black "Ubezio, Marco"]
[Result "1/2-1/2"]
[WhiteElo "2152"]
[BlackElo "2201"]
[PlyCount "43"]
[EventDate "2000.04.28"]

1. d4 Nf6 2. Nf3 c5 3. c4 cxd4 4. Nxd4 Nc6 5. g3 Qb6 6. Nc2 Ne4 7. e3 Qa5+ 8.
Nd2 e6 9. Bg2 Nxd2 10. Qxd2 Qxd2+ 11. Bxd2 Bd6 12. Bc3 f6 13. O-O Ke7 14. Rfd1
Rd8 15. Rd2 Be5 16. Bxe5 Nxe5 17. b3 Rb8 18. Rad1 b6 19. f4 Nf7 20. Nd4 Bb7 21.
Bxb7 Rxb7 22. Kf2 1/2-1/2

[Event "XX Corsicoscacchi Magistrale"]
[Site "Corsico ITA"]
[Date "2000.04.??"]
[Round "5"]
[White "Pace, Roberto"]
[Black "Leoni, Fabrizio"]
[Result "0-1"]
[WhiteElo "2033"]
[BlackElo "1920"]
[PlyCount "158"]
[EventDate "2000.04.28"]

1. e4 c6 2. d4 d5 3. Nc3 dxe4 4. Nxe4 Nd7 5. Nf3 Ngf6 6. Ng3 e6 7. Bd3 c5 8. c3
Qc7 9. O-O Bd6 10. Re1 O-O 11. Bg5 b6 12. Rc1 Bb7 13. Qe2 h6 14. Bd2 Rad8 15.
Bb1 Rfe8 16. Ne5 Nxe5 17. dxe5 Bxe5 18. Be3 Bf4 19. Nf1 Rd7 20. Qc4 Qc6 21. f3
Bxe3+ 22. Rxe3 Red8 23. Rce1 Qc7 24. Bc2 Rd5 25. Qh4 Ba8 26. Bb3 Rh5 27. Qg3
Qb7 28. c4 Rd4 29. Rc3 Rg5 30. Qf2 Qc7 31. Qe3 Bb7 32. Ng3 Nd7 33. Qf2 Re5 34.
Rec1 Qd8 35. Nf1 Rf5 36. Ng3 Rf6 37. Nf1 e5 38. Qg3 Rg6 39. Qf2 e4 40. f4 Rd3
41. Bc2 Rxc3 42. bxc3 Qe7 43. Ne3 Re6 44. Rd1 Rd6 45. Rb1 g6 46. g4 Nf6 47. h3
Qd7 48. Re1 Rd2 49. Re2 Rxe2 50. Qxe2 Qd6 51. Qf2 Ne8 52. Kf1 Nc7 53. f5 Kg7
54. h4 g5 55. hxg5 hxg5 56. Ke1 Ne8 57. Qg1 Nf6 58. Ke2 Qe5 59. Kd2 Qf4 60. Ke1
Nxg4 61. Nxg4 Qc1+ 62. Bd1 Qxc3+ 63. Kf2 Qd2+ 64. Be2 Qf4+ 65. Ke1 Qxf5 66. Qh2
Qe6 67. Qc7 Ba6 68. Ne3 Qf6 69. Qxa7 Qa1+ 70. Kf2 Qf6+ 71. Kg2 Bc8 72. Qc7 Qe6
73. Bg4 Qf6 74. Bxc8 Qf3+ 75. Kh2 Qxe3 76. Qe5+ Kf8 77. Qd6+ Kg7 78. Qe5+ Kg8
79. Bg4 Qf2+ 0-1

[Event "XX Corsicoscacchi Magistrale"]
[Site "Corsico ITA"]
[Date "2000.04.??"]
[Round "5"]
[White "Podini, Francesco"]
[Black "Aglietti, Graziano"]
[Result "1-0"]
[WhiteElo "2050"]
[BlackElo "2051"]
[PlyCount "55"]
[EventDate "2000.04.28"]

1. c4 Nf6 2. Nc3 c6 3. e4 e5 4. Nf3 d6 5. d4 Qc7 6. h3 Be7 7. Be2 Na6 8. O-O
exd4 9. Nxd4 Nc5 10. Qc2 Ne6 11. Nf5 g6 12. Nxe7 Qxe7 13. Be3 Nh5 14. Qd2 O-O
15. Bxh5 gxh5 16. Rad1 Rd8 17. f4 f5 18. exf5 Ng7 19. f6 Qxf6 20. f5 Re8 21.
Bd4 Qf7 22. Qg5 Kf8 23. Qh6 Kg8 24. Rf3 Nxf5 25. Qf4 Qe7 26. Rg3+ Kf8 27. Rg5
Qf7 28. Rf1 1-0

[Event "XX Corsicoscacchi Magistrale"]
[Site "Corsico ITA"]
[Date "2000.04.??"]
[Round "5"]
[White "Qendro, Llambi"]
[Black "Profumo, Alberto"]
[Result "1-0"]
[WhiteElo "2350"]
[BlackElo "2254"]
[PlyCount "73"]
[EventDate "2000.04.28"]

1. d4 Nf6 2. c4 g6 3. Nf3 Bg7 4. g3 O-O 5. Bg2 d6 6. O-O Nbd7 7. Nc3 e5 8. h3
c6 9. e4 Qb6 10. c5 dxc5 11. dxe5 Ne8 12. e6 fxe6 13. Ng5 Nc7 14. f4 c4+ 15.
Kh2 Qd4 16. e5 Qxd1 17. Rxd1 Nb6 18. a4 Nbd5 19. Rd4 b6 20. Rxc4 c5 21. b4 Ba6
22. b5 Bb7 23. Nxe6 Nxe6 24. Nxd5 Rf7 25. a5 Rd8 26. axb6 Rxd5 27. bxa7 Rf8 28.
a8=Q Rxa8 29. Rxa8+ Bxa8 30. Ra4 Bb7 31. Ra7 Rd3 32. Rxb7 g5 33. Re7 gxf4 34.
gxf4 Nd8 35. b6 Kf8 36. b7 Rb3 37. Rd7 1-0

[Event "XX Corsicoscacchi Magistrale"]
[Site "Corsico ITA"]
[Date "2000.04.??"]
[Round "5"]
[White "Rossi, Giampiero"]
[Black "Pace, Pietro Dario"]
[Result "0-1"]
[WhiteElo "2078"]
[BlackElo "1942"]
[PlyCount "82"]
[EventDate "2000.04.28"]

1. d4 Nf6 2. c4 e6 3. Nc3 d5 4. cxd5 exd5 5. Bg5 c6 6. e3 Be7 7. Qc2 O-O 8. Bd3
Nbd7 9. Nge2 Re8 10. O-O h6 11. Bf4 Nf8 12. h3 Bd6 13. Rab1 a5 14. a3 Nh5 15.
Bxd6 Qxd6 16. b4 axb4 17. axb4 Qf6 18. b5 Qg5 19. Kh2 f5 20. bxc6 bxc6 21. Na4
f4 22. Nb6 Rb8 23. Nxc8 Rbxc8 24. Rb6 fxe3 25. fxe3 Rxe3 26. Rf5 Qh4 27. Rxc6
Rce8 28. Rc8 g6 29. Rxe8 Rxe8 30. Rf3 Qg5 31. Qc6 Re7 32. Qc8 Rf7 33. Rxf7 Kxf7
34. Bb5 Qe7 35. Qc5 Qd8 36. Nc3 Ne6 37. Qxd5 Qc7+ 38. Kg1 Qxc3 39. Bd7 Qe3+ 40.
Kh2 Nhf4 41. Qc6 Nxd4 0-1

[Event "XX Corsicoscacchi Magistrale"]
[Site "Corsico ITA"]
[Date "2000.04.??"]
[Round "5"]
[White "Sibille, Ettore"]
[Black "Mastrorilli, Nicola"]
[Result "1-0"]
[WhiteElo "1900"]
[BlackElo "1935"]
[PlyCount "97"]
[EventDate "2000.04.28"]

1. e4 c5 2. b3 Nc6 3. Bb2 d6 4. Nf3 Bg4 5. Be2 Nf6 6. Nc3 e6 7. O-O Be7 8. d3
O-O 9. Ne1 Bxe2 10. Nxe2 d5 11. exd5 Nxd5 12. Nf3 Bf6 13. Bxf6 Qxf6 14. Ng3 Nd4
15. Nxd4 cxd4 16. Ne4 Qe7 17. Qd2 Rac8 18. f4 Rc6 19. Rf2 Rfc8 20. a3 Qc7 21.
Rc1 Qb6 22. b4 Nc3 23. Ng5 f6 24. Nf3 Rd6 25. g4 a5 26. g5 fxg5 27. Ne5 axb4
28. fxg5 Rd5 29. Qf4 Qc7 30. Rcf1 g6 31. Qf7+ Qxf7 32. Nxf7 Kg7 33. h4 Rf5 34.
axb4 Rxf2 35. Rxf2 Rf8 36. Nd6 Rxf2 37. Kxf2 Nd5 38. b5 Nc3 39. b6 Nd5 40. Kf3
Nxb6 41. Ke4 Nd7 42. Kxd4 b6 43. Kc4 Kf8 44. Kb5 Ne5 45. Kxb6 Ke7 46. Ne4 Nf3
47. c4 Nxh4 48. c5 Nf5 49. c6 1-0

[Event "XX Corsicoscacchi Magistrale"]
[Site "Corsico ITA"]
[Date "2000.04.??"]
[Round "5"]
[White "Vismara, Daniele"]
[Black "Rovatti, Paolo"]
[Result "1-0"]
[WhiteElo "2265"]
[BlackElo "2041"]
[PlyCount "73"]
[EventDate "2000.04.28"]

1. Nf3 c5 2. c4 e6 3. Nc3 Nf6 4. d4 cxd4 5. Nxd4 a6 6. g3 Qc7 7. Qd3 b6 8. Bg2
Bb7 9. Bf4 d6 10. Bxb7 Qxb7 11. Qf3 Qxf3 12. Nxf3 h6 13. Rd1 e5 14. Be3 Nbd7
15. h3 Nc5 16. O-O Be7 17. Rc1 O-O 18. Rfd1 Rfc8 19. Nh4 Rc6 20. Nf5 Bf8 21.
Nd5 Nxd5 22. cxd5 Rcc8 23. b4 Nd7 24. Rc6 Rd8 25. Bxb6 Nxb6 26. Rxb6 a5 27. b5
g6 28. Ne3 a4 29. Rb1 Rdb8 30. Rxb8 Rxb8 31. Nc4 Be7 32. b6 Kf8 33. b7 Bd8 34.
Nxd6 Ke7 35. Nc8+ Kd7 36. Na7 Bc7 37. Nc6 1-0

[Event "XX Corsicoscacchi Magistrale"]
[Site "Corsico ITA"]
[Date "2000.04.??"]
[Round "6"]
[White "Aglietti, Graziano"]
[Black "Bonazzi, Edoardo"]
[Result "1/2-1/2"]
[WhiteElo "2051"]
[BlackElo "2060"]
[PlyCount "46"]
[EventDate "2000.04.28"]

1. e4 c5 2. c3 d5 3. exd5 Qxd5 4. d4 cxd4 5. cxd4 Nc6 6. Nf3 e5 7. Nc3 Bb4 8.
Bd2 Bxc3 9. Bxc3 e4 10. Ne5 Nxe5 11. dxe5 Ne7 12. Qxd5 Nxd5 13. Bb5+ Bd7 14.
Bxd7+ Kxd7 15. O-O-O Ke6 16. Rhe1 Nxc3 17. bxc3 Rac8 18. Rxe4 Rxc3+ 19. Kb2
Rhc8 20. Re2 R3c5 21. Rd6+ Ke7 22. Rd3 Rb5+ 23. Rb3 Rxb3+ 1/2-1/2

[Event "XX Corsicoscacchi Magistrale"]
[Site "Corsico ITA"]
[Date "2000.04.??"]
[Round "6"]
[White "Bernago, Federico"]
[Black "Griffa, Roberto"]
[Result "0-1"]
[WhiteElo "2103"]
[BlackElo "2062"]
[PlyCount "110"]
[EventDate "2000.04.28"]

1. e4 e6 2. d3 d5 3. Nd2 c5 4. Ngf3 Nc6 5. g3 Bd6 6. Bg2 Nge7 7. c3 Qc7 8. O-O
O-O 9. Nh4 Ne5 10. d4 cxd4 11. cxd4 N5g6 12. Nxg6 hxg6 13. e5 Bb4 14. Nb3 Nc6
15. Be3 b6 16. Qe2 a5 17. Rfc1 Ba6 18. Qg4 Qd7 19. a3 Be7 20. h4 Rac8 21. Bh3
a4 22. Nd2 Bd3 23. Bg2 Na5 24. h5 Qb5 25. hxg6 Bxg6 26. Bf3 Qxb2 27. Re1 Nc4
28. Nxc4 Rxc4 29. Kg2 Rfc8 30. Rh1 Qc2 31. Qh3 Bh7 32. Rac1 Qf5 33. Bg4 Qe4+
34. Bf3 Qf5 35. Bg4 Qd3 36. Rxc4 Rxc4 37. Bf3 Bxa3 38. g4 Be7 39. g5 b5 40. Bh5
Qe4+ 41. Bf3 Qd3 42. Bh5 Qe4+ 43. Bf3 Qc2 44. Bh5 Be4+ 45. Kg3 Bxh1 46. g6 fxg6
47. Bg4 Rc6 48. Bxe6+ Rxe6 49. Qxe6+ Kf8 50. Qh3 Qe4 51. Qh8+ Kf7 52. e6+ Qxe6
53. Qxh1 Bd6+ 54. Bf4 Bxf4+ 55. Kxf4 Qe4+ 0-1

[Event "XX Corsicoscacchi Magistrale"]
[Site "Corsico ITA"]
[Date "2000.04.??"]
[Round "6"]
[White "Bertazzo, Giorgio"]
[Black "Pace, Roberto"]
[Result "1-0"]
[WhiteElo "2072"]
[BlackElo "2033"]
[PlyCount "73"]
[EventDate "2000.04.28"]

1. e4 c5 2. f4 d6 3. Nf3 Nc6 4. Bb5 Bd7 5. c3 Nf6 6. d3 e6 7. O-O Be7 8. Qe1
O-O 9. Kh1 Qc7 10. h3 a6 11. Ba4 Nb4 12. cxb4 Bxa4 13. bxc5 dxc5 14. b3 Bb5 15.
Ne5 Rad8 16. Rf3 Nd7 17. Nc4 Bxc4 18. dxc4 Bf6 19. e5 Be7 20. Bb2 Nb8 21. Na3
Rd7 22. f5 exf5 23. e6 fxe6 24. Qxe6+ Kh8 25. Rxf5 Rxf5 26. Qxf5 Qd8 27. Rf1
Nc6 28. Qg4 Bd6 29. Nc2 h6 30. Ne3 Be5 31. Bxe5 Nxe5 32. Qf5 Qe8 33. Qe4 Qb8
34. Nd5 Nc6 35. Qe6 Rd8 36. Nf4 Qe5 37. Ng6+ 1-0

[Event "XX Corsicoscacchi Magistrale"]
[Site "Corsico ITA"]
[Date "2000.04.??"]
[Round "6"]
[White "Facchetti, Gianni"]
[Black "Castaldo, Folco"]
[Result "1-0"]
[WhiteElo "2146"]
[BlackElo "2242"]
[PlyCount "151"]
[EventDate "2000.04.28"]

1. e4 e6 2. d3 c5 3. Be2 b6 4. Nf3 Bb7 5. Nbd2 d6 6. c3 Nf6 7. Qc2 Nbd7 8. Nf1
Be7 9. Ng3 Rc8 10. O-O O-O 11. Re1 b5 12. a4 a6 13. axb5 axb5 14. c4 bxc4 15.
dxc4 Qb6 16. Bd2 Ra8 17. Bc3 Rfd8 18. h3 Bc6 19. Bd3 Qb7 20. Reb1 h6 21. Qe2
Bf8 22. Bc2 Be7 23. Nh2 Rxa1 24. Rxa1 Nf8 25. Ng4 N8h7 26. f4 Ra8 27. Rf1 Nxg4
28. Qxg4 Nf6 29. Qe2 Nh7 30. e5 dxe5 31. fxe5 Ng5 32. h4 Nh7 33. Qh5 Rf8 34.
Rf2 Bd8 35. Qg4 Qd7 36. Ne4 Kh8 37. Kh2 Bb6 38. Nd6 Bc7 39. Qf4 Bxd6 40. exd6
f6 41. Qg3 Qf7 42. Bg6 Qd7 43. Qd3 f5 44. Bxh7 Kxh7 45. Be5 Be4 46. Qa3 Qc6 47.
Qa7 Qb7 48. Qxc5 Rc8 49. Qd4 Rd8 50. c5 Rd7 51. b4 Qb5 52. Rb2 Bd5 53. Rc2 Qb7
54. Qb2 Qb5 55. Rc3 Ra7 56. Ra3 Rb7 57. Rg3 g6 58. Ra3 Qc4 59. Qf2 Qb5 60. Ra8
Rb8 61. Rxb8 Qxb8 62. Bc3 g5 63. Qd4 Kg6 64. hxg5 Kxg5 65. Kg3 Qg8 66. Kh3 Qf7
67. Qh4+ Kg6 68. Qg3+ Kh7 69. Qh4 f4 70. Kh2 f3 71. gxf3 Qxf3 72. Qe7+ Kg6 73.
Qg7+ Kh5 74. Qe5+ Kg6 75. Qg3+ Qxg3+ 76. Kxg3 1-0